Economics: principles, problems and policies. / (Record no. 7704)
[ view plain ]
| 000 -LEADER | |
|---|---|
| fixed length control field | 02576nam a22002417a 4500 |
| 003 - CONTROL NUMBER IDENTIFIER | |
| control field | OSt |
| 005 - DATE AND TIME OF LATEST TRANSACTION | |
| control field | 20210706142255.0 |
| 008 - FIXED-LENGTH DATA ELEMENTS--GENERAL INFORMATION | |
| fixed length control field | 200311b xxu||||| |||| 00| 0 eng d |
| 020 ## - INTERNATIONAL STANDARD BOOK NUMBER | |
| International Standard Book Number | 9780073511443 |
| 040 ## - CATALOGING SOURCE | |
| Transcribing agency | LC |
| 050 ## - LIBRARY OF CONGRESS CALL NUMBER | |
| Classification number | HB171.5.M47 |
| 100 ## - MAIN ENTRY--PERSONAL NAME | |
| Personal name | McConnell, Campbell R. |
| 245 ## - TITLE STATEMENT | |
| Title | Economics: principles, problems and policies. / |
| Statement of responsibility, etc. | Campbell R. McConnell, Stanley L. Brue and Sean M. Flynn. |
| 250 ## - EDITION STATEMENT | |
| Edition statement | 19th ed. |
| 260 ## - PUBLICATION, DISTRIBUTION, ETC. | |
| Place of publication, distribution, etc. | New York: |
| Name of publisher, distributor, etc. | McGraw-Hill Education, |
| Date of publication, distribution, etc. | 2012. |
| 300 ## - PHYSICAL DESCRIPTION | |
| Extent | xxxvi, 801 + [various pages] p.: |
| Other physical details | ill. ; |
| Dimensions | 26 cm. |
| 500 ## - GENERAL NOTE | |
| General note | Includes glossary and index. |
| 505 ## - FORMATTED CONTENTS NOTE | |
| Formatted contents note | Contents: Part one: Introduction to economics and the economy: Limits, alternatives, and choices -- The market system and the circular flow -- Part two: Price, quantity and efficiency: Demand, supply and market equilibrium -- Elasticity -- Market failures: public goods and externalities -- Part three: Microeconomics of product markets: Consumer behavior -- Behavioral economics -- Business and costs of production -- Pure competition in the short run -- Pure competition in the long run -- Monopolistic competition and oligopoly -- Part four: Microeconomics of product markets: the demand for resources -- Wage determination -- Rent, interest and profit -- Part five: Microeconomics of government: Public finance: expenditures and taxes -- Asymmetric information, voting and public choice -- Part six: Microeconomics issues and policies: Antitrust policy and regulation -- Agriculture: economics and policy-- Income inequality, poverty, and discrimination -- Health care -- Immigration -- Part seven: GDP, growth, and instability: An introduction to macroeconomics -- Measuring domestic output and national income -- Economic growth -- Business cycles, unemployment, and inflation -- Part eight: Macroeconomic models and fiscal policy: Basic macroeconomic relationships -- The aggregate expenditures model -- Aggregate demand and aggregate supply -- Fiscal policy, deficits, and debt -- Part nine: Money, banking, and monetary policy: Money, banking, and financial institutions-- Money creation -- Interest rates and monetary policy -- Financial economics -- Part ten: Extensions and issues: Extending the analysis of aggregate supply -- Current issues in macro theory and policy -- Part eleven: International economics: International trade -- The balance of payments, exchange rates, and trade deficits -- The economics of developing countries -- <br/><br/> |
| 653 ## - INDEX TERM--UNCONTROLLED | |
| Uncontrolled term | Economics |
| 700 ## - ADDED ENTRY--PERSONAL NAME | |
| Personal name | Brue, Stanley L. |
| 700 ## - ADDED ENTRY--PERSONAL NAME | |
| Personal name | Flynn, Sean M. |
| 942 ## - ADDED ENTRY ELEMENTS (KOHA) | |
| Source of classification or shelving scheme | Library of Congress Classification |
| Koha item type | Books |
No items available.
